| 000 | 00470nam a22001697a 4500 | ||
|---|---|---|---|
| 003 | BD-DhUL | ||
| 005 | 20181115141801.0 | ||
| 008 | 181111snd. xx ||||| |||| 00| 0 urd d | ||
| 040 |
_aBD-DhUL _cBD-DhUL |
||
| 082 |
_a891.433 _bRAZ |
||
| 100 | 0 | _aرضیہ سلطانہ دہلوی | |
| 245 | 1 | 0 |
_aزمین دوز شہر / _cرضیہ سلطانہ دہلوی _b |
| 260 |
_a: _b، _c، |
||
| 300 |
_aص۔ ۳۱ ؛ _c۱۸ سم۔ |
||
| 650 | 4 | _aUrdu fiction | |
| 942 |
_2ddc _cBK |
||
| 999 |
_c244645 _d244645 |
||